000 00347nam a2200133Ia 4500
008 230413s9999||||xx |||||||||||||| ||und||
020 _a9780143031048
082 _a954.042092
_bN396
100 _aNehru, Jawaharlal
245 0 _aJawaharlal Nehru: an autobiography
260 _aGurgaon
_bPenguin Books
_c2004
300 _axv, 655 p.
942 _cBK
999 _c26336
_d26336